Stacje i przystanki na linii PKM1 - Statystyki

Ogólne statystyki
  • Ten quiz został rozwiązany 9 razy
  • Średni wynik to 17 z 23
Statystyki odpowiedzi
Przystanek % Poprawnych
stacja Gniezno
100%
stacja Kościan
100%
p.o. Poznań Dębiec
100%
p.o. Poznań Garbary
100%
stacja Poznań Główny
100%
stacja Poznań Wschód
100%
stacja Czempiń
80%
p.o. Drużyna Poznańska
80%
stacja Luboń koło Poznania
80%
stacja Mosina
80%
stacja Pobiedziska
80%
p.o. Pobiedziska Letnisko
80%
p.o. Promno
80%
p.o. Puszczykówko
80%
p.o. Puszczykowo
80%
stacja Biskupice Wielkopolskie
60%
p.o. Iłowiec
60%
p.o. Oborzyska Stare
60%
p.o. Fałkowo
40%
stacja Kobylnica
40%
p.o. Lednogóra
40%
p.o. Ligowiec
40%
stacja Pierzyska
40%
Nie znaleziono quizów pasujących do podanych kryteriów
Rozkład punktacji
Procent ludzi z każdym wynikiem
Percentyl według liczby udzielonych odpowiedzi
Twoja historia wyników
Nie rozwiązałeś tego quizu